Statistics for Countries and Territories with No Summer Olympic Medals

Click here to take the quiz!

General Stats

  • This quiz has been taken 58 times
    (28 since last reset)
  • The average score is 44 of 71

Answer Stats

Countries% Correct
Tuvalu
96%
Kiribati
91%
American Samoa
83%
Antigua and Barbados
83%
Federated States of Micronesia
83%
Marshall Islands
83%
Monaco
83%
Nauru
83%
Saint Lucia
83%
Samoa
83%
Lesotho
78%
Liechtenstein
78%
Rwanda
78%
Saint Kitts and Nevis
78%
Saint Vincent and the Grenadines
78%
San Marino
78%
Sao Tome and Principe
78%
Vanuatu
78%
Yemen
78%
Andorra
74%
Brunei
74%
Cape Verde
74%
Comoros
74%
Oman
74%
Palau
74%
Angola
70%
Bhutan
70%
Gambia
70%
Guinea
70%
Guinea-Bissau
70%
Mauritania
70%
Dominica
65%
Equatorial Guinea
65%
Laos
65%
Malawi
65%
Maldives
65%
Seychelles
65%
Swaziland
65%
Albania
61%
Chad
61%
Madagascar
61%
Malta
61%
Myanmar
61%
Papua New Guinea
61%
Sierra Leone
61%
Cambodia
57%
Liberia
57%
Mali
57%
South Sudan
57%
Bangladesh
52%
Belize
52%
Benin
52%
East Timor
52%
El Salvador
52%
Somalia
52%
Central African Republic
48%
Honduras
48%
Burkina Faso
43%
Congo
43%
Dem. Rep. of Congo
43%
Turkmenistan
43%
Bolivia
39%
Bosnia and Herzegovina
39%
Libya
39%
Cook Islands
35%
Aruba
30%
Nicaragua
30%
Palestine
30%
British Virgin Islands
26%
Guam
26%
Cayman Islands
13%

Score Distribution

Percentile by Number Answered

Percent of People with Each Score

Your Score History

You have not taken this quiz since the last reset